=LDR 00000nam 2200000 4500 =001 INLIS000000000002564 =005 20130612090906 =008 ***********************************Ind** =035 ##$$0010-061300000002564 =041 ##$$a Ind =082 ##$$a 616.462 =090 ##$$a 616.462, Sut p =100 ##$$a Sutomo, Adi Heru =245 ##$$a Penyakit kencing manis dan cara penanggulangannya, Adi Heru Sutomo =260 ##$$a 1992 $b Jakarta =300 ##$$a x,51 hlm, 20 cm =650 ##$$a Diabetes =850 ##$$a NBPNMAT